• 首页
  • 本馆介绍
  • 公告通知
  • 最新文献
  • 馆藏检索
  • 电子资源
  • 读者导购
  • 参考咨询
  • 我的图书馆
  • 登录
  • 详细信息显示
  • 放入我的书架
  • 预约/预借图书
  • 作者相关作品
  • 分类相关作品
  • 丛书相关作品
  • 出版社相关作品

书目信息

  • 表格格式
  • 工作单格式
  • 卡片格式
题名:
心理健康教育自助读本
    
 
作者: ;《心理健康教育自助读本》编写组 编
分册:  
出版信息: 石家庄   河北人民出版社  2004
页数: 128页
开本: 26cm
丛书名:
单 册:
中图分类: G448
科图分类:
主题词: 教育心理学
电子资源:
ISBN: 7-202-03134-5
000 00753nam0 2200217 450
001 0650620093
005 20070723181058.84
010    @a7-202-03134-5@dCNY5.20
100    @a20061017d2004 km y0chiy0120 ea
101 0  @achi
102    @aCN@b130000
200 1  @a心理健康教育自助读本@Axin li jian kang jiao yu zi zhu du ben@f《心理健康教育自助读本》编写组编@F《xin li jian kang jiao yu zi zhu du ben》bian xie zu bian
205    @a3版
210    @a石家庄@c河北人民出版社@d2004
215    @a128页@d26cm
300    @a河北省中小学地方课程教学用书
606 0  @a教育心理学
690    @aG448@v3
711  0 @a《心理健康教育自助读本》编写组@A《xin li jian kang jiao yu zi zhu du ben》bian xie zu@4编
801  0 @aCN@bPFT@c20070723
905    @a10447@dG448@e125=3
    
    心理健康教育自助读本/《心理健康教育自助读本》编写组编.-3版.-石家庄:河北人民出版社,2004
    128页;26cm
    河北省中小学地方课程教学用书
    
    ISBN 7-202-03134-5:CNY5.20
    
●
相关链接 在E读中查询图书 在五车中查询图书 在当当中查询图书 在豆瓣中查询图书


正题名:心理健康教育自助读本     索取号:G448/125=3         预约/预借

序号 登录号 条形码 馆藏地/架位号 状态 备注
1 0503789   205037896   密集书库/ [索取号:G448/125=3] 在馆    
2 0782230   207822301   密集书库/ [索取号:G448/125=3] 在馆    
唐山师范学院图书馆 欢迎您!
大连网信软件有限公司© 版权所有